000 02043nam a2200301 a 4500
001 000007571
005 20200929154222.0
008 090909t1995 dr 001 0 spa d
040 _aDO-SdBNP
_bspa
_cBNPHU
082 _a384.54097293
_bS237r
100 1 _aSantos, Luis de los
_921011
245 1 3 _aLa radiodifusión dominicana /
_cLuis de los Santos.
260 _aSanto Domingo :
_bCorripio,
_c1995.
300 _a238 p. ;
_c24 cm.
500 _aIncluye datos biográficos del autor en la contracubierta.
500 _aIncluye bibliografía y notas al pie de páginas.
502 _aTesis (Lic.) Universidad Central de Venezuela.
504 _aBibliografía: p. 119-122.
505 0 _gIntroducción --
_gMetodología --
_tElementos descriptivos y analíticos de la radiodifusión --
_tLa radiodifusión dominicana --
_tRégimen de propiedad y capitales declarados --
_tEstudio inventario de la radiodifusión audiovisual --
_tContenidos de la programación --
_tFactores de poder, grupos de presión y otros --
_tSituación legal de la radiodifusión --
_tAntecedendes en otos países y el caso dominicano --
_tRepública Dominicana: ausente en políticas --
_tExposición de motivos para una política --
_tConclusiones y recomendaciones --
_gAnexos:
_tLey no. 6132, de expresión y difusión del pensamiento --
_tLista de estaciones radiodifusoras --
_tLey no.118, de telecomunicaciones --
_tReglamento no. 824, de espectáculos públicos y radiofonía --
_tLey no. 793, que libera de aranceles a los medios --
_tLey no. 908 que prohibe otorgamiento de nuevos canales --
_tCorrespondencias.
590 _aInventariado, 2018/VM
650 4 _aRadiodifusión
_xHistoria
_zRepública Dominicana
_921012
650 4 _aRadioemisoras
_zRepública Dominicana
_921013
650 4 _aPolítica de radiodifusión
_zRepública Dominicana
_921014
650 4 _aProgramas de radio
_zRepública Dominicana
_921015
650 4 _aMedios de comunicación de masas
_xHistoria
_xRepública dominicana
_921016
910 _aValidado. Control de calidad EMS.
049 _aBNPD
999 _c7352
_d7352